=LDR 00000nam 2200000 4500 =001 INLIS000000000013690 =005 20130612105037 =008 ***********************************Ind** =035 ##$$0010-061300000013690 =041 ##$$a Ind =082 ##$$a 611.8 =090 ##$$a 611.8, Tre m =100 ##$$a Treays, Rebecca =245 ##$$a Mempelajari indra, Rebecca Treays ;alih bahasa, Ervina Yudha Kusuma, S.S =260 ##$$a 2004 $b Bandung =300 ##$$a 32 hlm, Ilus, 28 cm =650 ##$$a Indra =700 ##$$a Kusuma, Ervina Yudha =850 ##$$a NBPNMAT